The tracker (Record no. 80223)
[ view plain ]
| 000 -LEADER | |
|---|---|
| fixed length control field | 00846cab a22002055a 4500 |
| 001 - CONTROL NUMBER | |
| control field | L143571 |
| 008 - FIXED-LENGTH DATA ELEMENTS--GENERAL INFORMATION | |
| fixed length control field | 080520e20080516xxkad f s 000 0 eng d |
| 035 ## - SYSTEM CONTROL NUMBER | |
| System control number | (Sirsi) u143571 |
| 041 0# - LANGUAGE CODE | |
| Language code of text/sound track or separate title | eng |
| 110 2# - MAIN ENTRY--CORPORATE NAME | |
| Corporate name or jurisdiction name as entry element | Building |
| 9 (RLIN) | 1694 |
| 245 04 - TITLE STATEMENT | |
| Title | The tracker |
| Remainder of title | on the cusp |
| 260 ## - PUBLICATION, DISTRIBUTION, ETC. | |
| Date of publication, distribution, etc. | 2008 |
| 490 #0 - SERIES STATEMENT | |
| Series statement | Building |
| Volume/sequential designation | 274(8529), 16 May 2008, 66-67(2) |
| 520 ## - SUMMARY, ETC. | |
| Summary, etc. | Presents findings from the Experian Business Strategies March 2008 survey. The Leading activity indicator has fallen to its lowest level since April 1996. Suggests that industry conditions are unlikely to improve in the next quarter. Tables for leading construction activity indicator, work-in-hand and regional outlook. |
| 590 ## - LOCAL NOTE (RLIN) | |
| Local note | KA |
| 650 24 - SUBJECT ADDED ENTRY--TOPICAL TERM | |
| Topical term or geographic name entry element | EXPERIAN CONSTRUCTION INDUSTRY FOCUS |
| 651 #4 - SUBJECT ADDED ENTRY--GEOGRAPHIC NAME | |
| Geographic name | United Kingdom |
| Chronological subdivision | |
| 690 ## - LOCAL SUBJECT ADDED ENTRY--TOPICAL TERM (OCLC, RLIN) | |
| Topical term or geographic name as entry element | BUILT ENVIRONMENT-CONSTRUCTION MARKET |
| 942 ## - ADDED ENTRY ELEMENTS (KOHA) | |
| Suppress in OPAC | 0 |
| Withdrawn status | Lost status | Source of classification or shelving scheme | Damaged status | Not for loan | Home library | Current library | Shelving location | Date acquired | Total Checkouts | Full call number | Barcode | Date last seen | Copy number | Price effective from | Koha item type |
|---|---|---|---|---|---|---|---|---|---|---|---|---|---|---|---|
| Dewey Decimal Classification | London | London | Journal article | 20/05/2008 | L143571 | 143571-1001 | 06/08/2019 | 1 | 06/08/2019 | Journal article |